000 00376nam a2200133Ia 4500
008 100328s9999 xx 000 0 und d
082 _b29294
100 _aआपटे ह.ना.
245 _aसूर्यग्रहण
260 _bआर्यभूषण
630 _aसूर्यग्रहण
730 _aसूर्यग्रहण
942 _cBOOK
999 _c520336
_d520333